• 首页
  • 本馆介绍
  • 公告通知
  • 最新文献
  • 馆藏检索
  • 电子资源
  • 读者导购
  • 参考咨询
  • 我的图书馆
  • 登录
  • 详细信息显示
  • 放入我的书架
  • 预约/预借图书
  • 作者相关作品
  • 分类相关作品
  • 丛书相关作品
  • 出版社相关作品

书目信息

  • 表格格式
  • 工作单格式
  • 卡片格式
题名:
小泉八云思想与创作研究
    
 
作者: 牟学苑 著
分册:  
出版信息: 北京   北京大学出版社  2016
页数: 238页
开本: 23cm
丛书名: 文学论丛
单 册:
中图分类: I313.064
科图分类:
主题词:
电子资源:
ISBN: 978-7-301-27511-5
000 01047nam0 22002651 450
001 1738624994
005 20170627164649.0
010    @a978-7-301-27511-5@dCNY48.00
100    @a20161014d2016 em y0chiy50 ea
101 0  @achi
102    @aCN@b110000
105    @ay z 000yy
106    @ar
200 1  @a小泉八云思想与创作研究@9xiao quan ba yun si xiang yu chuang zuo yan jiu@f牟学苑著
210    @a北京@c北京大学出版社@d2016
215    @a238页@d23cm
225 2  @a文学论丛@9wen xue lun cong
300    @a石河子大学“中西部高校综合实力提升工程”资助出版
330    @a本书以国际小泉八云研究的前沿成果为基础,将小泉八云思想研究与创作研究结合起来,力图对小泉八云的思想与创作状况做一整体把握,对于小泉八云的文学创作,则更多地从内部研究视角出发,进行文学本体的深入解读。
461  0 @12001 @a文学论丛
600  0 @a小泉八云@9xiao quan ba yun@c(Kozumi Yakumo@f1850-1904)@x文学思想@x文学研究
690    @aI313.064@v5
701  0 @a牟学苑@9mou xue yuan@f(1977~)@4著
801  0 @aCN@bTANGWEI@c20170626
905    @b1016336-41@dI313.064@e422@f6
    
    小泉八云思想与创作研究/牟学苑著 .-北京:北京大学出版社,2016
    238页;23cm.-(文学论丛)
    石河子大学“中西部高校综合实力提升工程”资助出版
    
    ISBN 978-7-301-27511-5:CNY48.00
    本书以国际小泉八云研究的前沿成果为基础,将小泉八云思想研究与创作研究结合起来,力图对小泉八云的思想与创作状况做一整体把握,对于小泉八云的文学创作,则更多地从内部研究视角出发,进行文学本体的深入解读。
●
相关链接 在E读中查询图书 在五车中查询图书 在当当中查询图书 在豆瓣中查询图书


正题名:小泉八云思想与创作研究     索取号:I313.064/422         预约/预借

序号 登录号 条形码 馆藏地/架位号 状态 备注
1 1016336   210163366   第一样本阅览室/ [索取号:I313.064/422] 在馆    
2 1016337   210163375   教育系资料室/ [索取号:I313.064/422] 在馆    
3 1016338   210163384   教育系资料室/ [索取号:I313.064/422] 在馆    
4 1016339   210163393   教育系资料室/ [索取号:I313.064/422] 在馆    
5 1016340   210163400   第二借阅区/ [索取号:I313.064/422] 在馆    
6 1016341   210163419   第二借阅区/ [索取号:I313.064/422] 在馆    
唐山师范学院图书馆 欢迎您!
大连网信软件有限公司© 版权所有